00636nam a2200181 a 450000100100000000500170001000800410002702000180006804000250008610000380011124501140014925000110026326000610027430000200033549000210035550000570037683000210043300003969220201002033701.0130716s2012 dr 000 0 spa d a9789945491036 aDO-SdBNPbspacBNPHU1 aRosa Carpio, Ramón Benito de la10aRenovación carismática :bsé fiel a ti misma madura y organizate /cRamón Benite de la Rosa y Carpio. a2a ed. aSantiago de los Caballeros :bPalabra Multimedia,c2012. a49 p. ;c23 cm.1 aLibro de la Rosa aIncluye datos biográficos del autor en las solapas 0aLibro de la Rosa